| 000 | 00346nam a2200145Ia 4500 | ||
|---|---|---|---|
| 999 |
_c9852 _d9852 |
||
| 020 | _a8172731035 | ||
| 082 | _a323.4 THA-; | ||
| 100 | _aThakur, L.K. | ||
| 245 | 0 | _aEssentials of POTA and other human rights laws | |
| 260 |
_aDelhi _bAuthorspress _c2002 |
||
| 300 | _aix, 362p | ||
| 650 | _aPOTA | ||
| 650 | _aTERRORISM - INDIA | ||
| 942 |
_cBK _2ddc |
||